Statistics for CS:GO Maps Quiz

Click here to take the quiz!

General Stats

  • This quiz has been taken 9,593 times
  • The average score is 11 of 15

Answer Stats

HintAnswer% Correct
DDust
99%
MMirage
97%
IInferno
93%
NNuke
89%
DDust II
85%
OOverpass
83%
VVertigo
83%
CCache
79%
TTrain
79%
CCobblestone
76%
OOffice
70%
IItaly
54%
AAztec
51%
AAssault
37%
MMilitia
37%

Score Distribution

Percentile by Number Answered

Percent of People with Each Score

Your Score History

You have not taken this quiz